Iglecrecimiento, el movimiento ecuménico y el "evangelicalismo" (Registro nro. 51464)
[ vista simple ]
| 000 -LÍDER | |
|---|---|
| Campo fijo de descripción fija | 01034aab a2200205 i 4500 |
| 001 - NÚMERO DE CONTROL | |
| Campo de control | 768714001 |
| 003 - IDENTIFICADOR DEL NÚMERO DE CONTROL | |
| Campo de control | CO-MdFUSB |
| 005 - FECHA Y HORA DE LA ULTIMA TRANSACCIÓN | |
| control field | 20240422104626.0 |
| 008 - ELEMENTOS DE LONGITUD FIJA -- INFORMACIÓN GENERAL | |
| Campo fijo de descripción fija -- Información general | 240409t1984 ag ||||| |||| 00| 0 spa d |
| 040 ## - FUENTE DE CATALOGACIÓN | |
| Idioma de catalogación | spa |
| Agencia que realiza la transcripción | CO-MdFUSB |
| 041 ## - CÓDIGO DE IDIOMA | |
| Código de idioma para texto/pista de sonido o título separado | spa |
| 100 1# - ASIENTO PRINCIPAL--NOMBRE PERSONAL | |
| Nombre personal | Costas, Orlando E. (1941-1987) |
| Término relacionador | autor |
| 245 ## - TÍTULO | |
| Título | Iglecrecimiento, el movimiento ecuménico y el "evangelicalismo" |
| Mención de responsabilidad | / Orlando E. Costas |
| 300 ## - DESCRIPCIÓN FÍSICA | |
| Extensión | Volumen 3, número 2 (junio, 1984), páginas: 56 - 60 |
| Dimensiones | ; 27 cm |
| 520 ## - NOTA DE RESUMEN, ETC. | |
| Nota de sumario, etc. | En este artículo, el autor continúa la descripción de Iglecrecimiento (movimiento de crecimiento de la iglesia basado en la Escuela Fuller de Misión Mundial). Aquí analiza la relación entre la posición misionológica del Iglecrecimiento y las dos corrientes representativas del protestantismo moderno: el movimiento ecuménico y el "evangelismo". |
| 650 #7 - ASIENTO SECUNDARIO DE MATERIA - TERMINO TEMÁTICO | |
| Término temático o nombre geográfico como elemento de entrada | Iglesia |
| 9 (RLIN) | 655 |
| 653 ## - TÉRMINO DE INDIZACIÓN - NO CONTROLADO | |
| Término no controlado | Misionología |
| 773 0# - ASIENTO DE ITEM FUENTE | |
| Título | Iglesia y Misión |
| Biblionumber | 49402 |
| Itemnumber | 59687 |
| Parte(s) relacionada(s) / Volumen., número. (mes año), páginas | Volumen 3, número 2 (junio, 1984), páginas: 56 - 60 |
| Enumeración y primera página | página: 56 |
| 942 ## - TIPO DE MATERIAL (KOHA) | |
| Tipo de Item KOHA | Artículos de Revista |
No hay ítems disponibles.
